000 00639nam a2200241Ia 4500
003 OSt
005 20221007064532.0
006 a|||||r|||| 00| 0
007 ta
008 221006b |||||||| |||| 00| 0 eng d
024 _a16,940
037 _cTextual
040 _aFLL
_cFLL
_beng
041 _2eng
_aeng
082 _aY111:45:61p2,N65, K7
110 _aGovt. of India
245 0 _aSeminar on juvenile delinquency
260 _aDelhi
_bGovet. of India Press India
_c1967
300 _a166p
_ccm.
700 _aGovt. of India
942 _hY111:45:61p2,N65, K7
_cTEXL
_2CC
999 _c1134371
_d1134371